The rainbow fish / (Record no. 9294)

MARC details
000 -LEADER
fixed length control field 00837nam a22002657a 4500
001 - CONTROL NUMBER
control field 9294
003 - CONTROL NUMBER IDENTIFIER
control field FISKH
005 - DATE AND TIME OF LATEST TRANSACTION
control field 20251209111213.0
008 - FIXED-LENGTH DATA ELEMENTS--GENERAL INFORMATION
fixed length control field 251209b cb ||||| |||| 00| 0 eng d
040 ## - CATALOGING SOURCE
Original cataloging agency FISKH
Language of cataloging eng
Transcribing agency FISKH
Modifying agency FISKH
050 ## - LIBRARY OF CONGRESS CALL NUMBER
Classification number PZ7.P448558 R
082 ## - DEWEY DECIMAL CLASSIFICATION NUMBER
Classification number 833.914
100 ## - MAIN ENTRY--PERSONAL NAME
Personal name Pfister, Marcus
245 ## - TITLE STATEMENT
Title The rainbow fish /
Statement of responsibility, etc. Marcus Pfister
250 ## - EDITION STATEMENT
Edition statement First Scholastic printing, October 2000.
260 ## - PUBLICATION, DISTRIBUTION, ETC.
Place of publication, distribution, etc. New York :
Name of publisher, distributor, etc. Scholastic,
Date of publication, distribution, etc. 1992
300 ## - PHYSICAL DESCRIPTION
Extent 26 unnumbered pages :
Other physical details color illustrations ;
Dimensions 18 cm
505 ## - FORMATTED CONTENTS NOTE
Formatted contents note P<br/>
520 ## - SUMMARY, ETC.
Summary, etc. The most beautiful fish in the entire ocean discovers the real value of personal beauty and friendship.
521 8# - TARGET AUDIENCE NOTE
Target audience note 610<br/>
Source Lexile AD<br/>
521 8# - TARGET AUDIENCE NOTE
Target audience note P<br/>
Source Raz-Plus<br/>
650 ## - SUBJECT ADDED ENTRY--TOPICAL TERM
Topical term or geographic name entry element Animals
Form subdivision Picture book
General subdivision Fantasy
Chronological subdivision Sharing
942 ## - ADDED ENTRY ELEMENTS (KOHA)
Source of classification or shelving scheme Dewey Decimal Classification
Koha item type Books
Suppress in OPAC No
Holdings
Withdrawn status Lost status Source of classification or shelving scheme Damaged status Not for loan Collection Home library Current library Shelving location Date acquired Total Checkouts Full call number Barcode Date last seen Copy number Price effective from Koha item type
    Dewey Decimal Classification     Juvenile Fiction Footprints International School Library Network Toul Tom Poung Campus Footprints International School Library Network Toul Tom Poung Campus TTP Primary Yellow Bookshelves 12/09/2025   PFI 833.914 PZ7.P448558 R FIS04951 12/09/2025 1 12/09/2025 Books